000 00720nam a2200265Ia 4500
003 OSt
005 20220924125122.0
006 a|||||r|||| 00| 0
007 ta
008 220923b |||||||| |||| 00| 0 tel d
020 _aRs
020 _cRs.45
024 _a340890
037 _cTextual
040 _aARTS
_cARTS
_btel
041 _2tel
_atel
082 _aO35,1N37:g, N4
100 _aKoti Naga Veeravenkata Varaprasad Au.
_9197586
245 0 _aRamani Priya Dhutika
260 _aPeddapuram
_bIndia
_c1994
300 _a151p.
_ccm.
650 _aTELUGU LITERATURE
942 _hO35,1N37:g, N4
_cTEXL
_2CC
999 _c421797
_d421797